Linguistique historique et linguistique générale
Guardat en:
| Autor principal: | |
|---|---|
| Format: | Llibre |
| Idioma: | francès |
| Publicat: |
París
Librairie Honoré Champion
1958
|
| Col·lecció: | Collection Linguistique
|
| Matèries: | |
| Etiquetes: |
Afegir etiqueta
Sense etiquetes, Sigues el primer a etiquetar aquest registre!
|
MARC
| LEADER | 00000nam a2200000 a 4500 | ||
|---|---|---|---|
| 001 | UCJ9927 | ||
| 003 | CL-VaPUC | ||
| 008 | 070413e19580000FR |||||||||||||||||fre|d | ||
| 082 | 0 | 4 | |a 401 |b MEL |2 21 |
| 100 | |a Meillet, Antoine |e autor |9 520400 | ||
| 245 | 1 | 0 | |a Linguistique historique et linguistique générale |
| 300 | |a 334 p | ||
| 942 | |c BK | ||
| 945 | |d 20070413 00:00:00 |a jtorresc | ||
| 260 | |a París |b Librairie Honoré Champion |c 1958 | ||
| 500 | |a Donación del Dr. Luis Gómez Macker | ||
| 650 | 0 | |a Lingüística |9 265068 | |
| 650 | 7 | |a TEORIA LINGUISTICA |2 CL-VaPUC |9 334835 | |
| 650 | 0 | |a Filología |9 321245 | |
| 650 | 0 | |a Gramática |9 270497 | |
| 650 | 0 | |a Semántica |9 265318 | |
| 650 | 7 | |a LINGUISTICA DESCRIPTIVA |2 CL-VaPUC |9 519993 | |
| 583 | |a last modification |c 20070413 00:00:00 |k Rodrigo Vera | ||
| 490 | 0 | |a Collection Linguistique | |
| 999 | |c 325270 |d 325268 | ||
| 952 | |0 0 |1 0 |4 0 |6 401_000000000000000_MEL_1958 |7 0 |8 A |9 405909 |a FDOPOS |b FDOPOS |d 2019-11-22 |i 4271793 |o 401 MEL 1958 |p 4271793 |r 2025-01-22 |w 2019-11-22 |y BK |k MLA | ||